Jóvenes: ¿En busca de una identidad perdida?

Uloženo v:
Podrobná bibliografie
Korporativní autor: Universidad Católica Cardenal Raúl Silva Henríquez. Vicerrectoría Académica. Centro de Estudios en Juventud
Médium: Text
Vydáno: Santiago: CEJU
Témata:
Tagy: Přidat tag
Žádné tagy, Buďte první, kdo vytvoří štítek k tomuto záznamu!

MARC

LEADER 00000 a a2200000 04500
001 27843
003
040
090 |a 186503  
110 |a Universidad Católica Cardenal Raúl Silva Henríquez. Vicerrectoría Académica. Centro de Estudios en Juventud  
245 |a Jóvenes: ¿En busca de una identidad perdida?  
260 |a Santiago:   |b CEJU  
300 |b **no definido**  
650 |a MUSICA  
650 |a IDENTIDAD CULTURAL  
650 |a JUVENTUD  
650 |a ENTREVISTAS  
999 |c 10078  |d 10078